000 00754nac a22002297a 4500
001 BR8003091
003 BR-BrBNA
005 20240105114709.0
008 230509b bl.|||m| |||| 00| 0 por d
040 _aBR-BrBNA
_bpor
_cBiblioteca Nacional de Agricultura
072 _aF05
090 _aF05 BR8003091
110 1 _aInstituto Brasileiro de Informacao em Ciencia e Tecnologia, Rio de Janeiro, RJ
_95799
245 1 _aBibliografia brasileira de botanica 1977/1978
260 3 _aRio de Janeiro, RJ (Brasil):
_c1980.
300 _a70 p.
490 _aBibliografia Brasileira de Botanica (Brazil)
_vv. 12
_xISSN 0067-6586
650 _aBotanica
650 _aBibliografia
909 _a202312
_bLúcia Elande
_c55
_dLúcia Elande
942 _2AGRIS
_n0
_cMS
999 _c270802
_d270802